000 00876nam a2200253 a 4500
001 1807398
003 AM-YEHGA
005 20250618080129.0
008 211202s1895 tu |||||||||||||||0|arm|d
040 _aAM-YeHGA
041 0 _aarm
_aeng
130 0 _aԱստվածաշունչ :
_pՆոր Կտակարան
_94450
245 1 0 _aԱւետարան ըստ Մատթէոսի.
246 1 5 _aThe Gospel according to St. Matthew.
260 _aԿ. Պոլիս :
_bտպագր. Հակոբ Պոյաճյան,
_c1895.
300 _a175 էջ ;
_c13,5 սմ.
500 _aՇարվ.՝ 11,8x7,2 սմ :
500 _aԵրկսյուն
546 _aԲնագիրը` զուգահեռ հայ. եւ անգլ. :
546 _aՏիտղթ.՝ արաբատառ գրություն :
630 0 4 _aԱստվածաշունչ :
_pՆոր Կտակարան
_94450
942 _2udc
_cBK
090 _c567445
999 _c529108
_d529108